Choosing building services (Record no. 104744)
[ view plain ]
| 000 -LEADER | |
|---|---|
| fixed length control field | 00874cam a2200241 4500 |
| 001 - CONTROL NUMBER | |
| control field | ##L131398 |
| 008 - FIXED-LENGTH DATA ELEMENTS--GENERAL INFORMATION | |
| fixed length control field | 051028n2004 000 0 eng u |
| 020 ## - INTERNATIONAL STANDARD BOOK NUMBER | |
| International Standard Book Number | 0860226433 |
| 035 ## - SYSTEM CONTROL NUMBER | |
| System control number | (Sirsi) u131398 |
| 041 0# - LANGUAGE CODE | |
| Language code of text/sound track or separate title | eng |
| 050 04 - LIBRARY OF CONGRESS CALL NUMBER | |
| Classification number | 696 $2 18 |
| 100 1# - MAIN ENTRY--PERSONAL NAME | |
| Personal name | Langmaid, John |
| 245 00 - TITLE STATEMENT | |
| Title | Choosing building services |
| 260 ## - PUBLICATION, DISTRIBUTION, ETC. | |
| Place of publication, distribution, etc. | Bracknell |
| Name of publisher, distributor, etc. | BSRIA |
| Date of publication, distribution, etc. | 2004 |
| 300 ## - PHYSICAL DESCRIPTION | |
| Extent | 48p. |
| Dimensions | 30cm. + |
| Accompanying material | 1 CD-ROM |
| 350 ## - PRICE (NR) (BK AM CF MU VM SE) [OBSOLETE] | |
| Price | 50 |
| 490 #0 - SERIES STATEMENT | |
| Series statement | BSRIA Guide |
| Volume/sequential designation | BG 9/2004 |
| 520 ## - SUMMARY, ETC. | |
| Summary, etc. | A guide to mechanical and electrical services which is intended to enable clients to specify the type of environment they require and to help the design team find satisfactory solutions to clients' needs. Covers procurement, design and handover as well as operation, maintenance and decommissioning. Tables. |
| 590 ## - LOCAL NOTE (RLIN) | |
| Local note | IKA050906 |
| 690 ## - LOCAL SUBJECT ADDED ENTRY--TOPICAL TERM (OCLC, RLIN) | |
| Topical term or geographic name as entry element | Block management |
| 9 (RLIN) | 6220 |
| 942 ## - ADDED ENTRY ELEMENTS (KOHA) | |
| Suppress in OPAC | 0 |
| Withdrawn status | Lost status | Source of classification or shelving scheme | Damaged status | Not for loan | Home library | Current library | Shelving location | Date acquired | Cost, normal purchase price | Total Checkouts | Full call number | Barcode | Date last seen | Date last checked out | Copy number | Cost, replacement price | Price effective from | Koha item type |
|---|---|---|---|---|---|---|---|---|---|---|---|---|---|---|---|---|---|---|
| Dewey Decimal Classification | London | London | Books | 24/08/2006 | 50.00 | 3 | F696 LAN | 30071492 | 06/08/2019 | 27/01/2009 | 1 | 50.00 | 06/08/2019 | Book |